000 00575nam a22001577a 4500
005 20120306142757.0
020 _a8120721322
_c00.00
035 _aA-996896
037 _aDPL
_bENG
100 _aDanesh, H. B.
_943556
245 _aThe psychology of spirituality :
_bFrom divided self to integrated self /
_cby H.B. Danesh
260 _aNew Delhi
_bSterling Paperbacks
_c1997
300 _a270p.
_c18 cms.
942 _2ddc
_cEN
_h126
_mDAN
999 _c63839
_d63839